Best-Selling Nintendo Wii Games - Statistics

General Stats
  • This quiz has been taken 100 times
  • The average score is 15 of 30
Answer Stats
Rank Copies Sold Genre Answer % Correct
1 82.90M Sports Wii Sports
100%
2 37.38M Racing Mario Kart Wii
99%
11 9.35M Party Wii Party
94%
12 8.85M Party Mario Party 8
86%
26 3.11M Party Mario Party 9
86%
3 33.14M Sports Wii Sports Resort
78%
8 13.32M Fighting Super Smash Bros. Brawl
73%
6 22.67M Exergaming Wii Fit
69%
4 30.32M Platform New Super Mario Bros. Wii
68%
14 7.41M Platform Mario Galaxy 2
67%
9 12.80M Platform Super Mario Galaxy
67%
24 3.67M Action/Adventure The Legend of Zelda: Skyward Sword
66%
13 7.50M Action/Adventure The Legend of Zelda: Twilight Princess
66%
22 4.30M Rhythm Just Dance
53%
20 5.00M Rhythm Just Dance 2
53%
10 9.92M Rhythm Just Dance 3
53%
5 28.02M Party Wii Play
52%
16 6.53M Platform Donkey Kong Country Returns
46%
27 2.86M Music Wii Music
42%
7 21.13M Exergaming Wii Fit Plus
37%
21 4.32M Life Simulation Animal Crossing: City Folk
30%
15 7.09M Sports Mario & Sonic at the Olympic Games
26%
28 2.6M Sports Mario Strikers Charged
21%
23 4.23M Action/Platform Super Paper Mario
21%
25 3.34M Puzzle/Educational Big Brain Academy: Wii Degree
18%
19 5.64M Action/Adventure Lego Star Wars: The Complete Saga
17%
18 5.79M Shooter Link's Crossbow Training
14%
30 2.32M Party/Rhythm WarioWare: Smooth Moves
14%
17 6.53M Sports Mario & Sonic at the Olympic Winter Games
13%
29 2.4M Sports Mario & Sonic at the London 2012 Olympic Games
11%
No matching quizzes found
Score Distribution
Percent of People with Each Score
Percentile by Number Answered
Your Score History
You have not taken this quiz